Catalog

Record Details

Catalog Search



Intentional Perspectives on Information Systems Engineering Cover Image E-book E-book

Intentional Perspectives on Information Systems Engineering [electronic resource] / edited by Selmin Nurcan, Camille Salinesi, Carine Souveyet, Jolita Ralyté.

Nurcan, Selmin. (editor.). Salinesi, Camille. (editor.). Souveyet, Carine. (editor.). Ralyté, Jolita. (editor.). SpringerLink (Online service) (Added Author).

Record details

  • ISBN: 9783642125447
  • Physical Description: XXI, 450p. online resource.
  • Publisher: Berlin, Heidelberg : Springer Berlin Heidelberg : 2010.
Subject: Computer science.
Software engineering.
Computer simulation.
Information systems.
Management information systems.
Computer Science.
Software Engineering.
Business Information Systems.
Information Systems Applications (incl. Internet).
Simulation and Modeling.
Computer Appl. in Administrative Data Processing.

Electronic resources


LDR 01808nam a22004695i 4500
00139367
003CONS
00520131219103217.0
007cr nn 008mamaa
008100623s2010 gw | s |||| 0|eng d
020 . ‡a9783642125447 ‡9978-3-642-12544-7
0247 . ‡a10.1007/978-3-642-12544-7 ‡2doi
035 . ‡a(DE-He213)978-3-642-12544-7
050 4. ‡aQA76.758
072 7. ‡aUMZ ‡2bicssc
072 7. ‡aCOM051230 ‡2bisacsh
1001 . ‡aNurcan, Selmin. ‡eeditor.
24510. ‡aIntentional Perspectives on Information Systems Engineering ‡h[electronic resource] / ‡cedited by Selmin Nurcan, Camille Salinesi, Carine Souveyet, Jolita Ralyté.
264 1. ‡aBerlin, Heidelberg : ‡bSpringer Berlin Heidelberg : ‡bImprint: Springer, ‡c2010.
300 . ‡aXXI, 450p. ‡bonline resource.
336 . ‡atext ‡btxt ‡2rdacontent
337 . ‡acomputer ‡bc ‡2rdamedia
338 . ‡aonline resource ‡bcr ‡2rdacarrier
347 . ‡atext file ‡bPDF ‡2rda
650 0. ‡aComputer science.
650 0. ‡aSoftware engineering.
650 0. ‡aComputer simulation.
650 0. ‡aInformation systems.
650 0. ‡aManagement information systems.
65014. ‡aComputer Science.
65024. ‡aSoftware Engineering.
65024. ‡aBusiness Information Systems.
65024. ‡aInformation Systems Applications (incl. Internet).
65024. ‡aSimulation and Modeling.
65024. ‡aComputer Appl. in Administrative Data Processing.
7001 . ‡aSalinesi, Camille. ‡eeditor.
7001 . ‡aSouveyet, Carine. ‡eeditor.
7001 . ‡aRalyté, Jolita. ‡eeditor.
7102 . ‡aSpringerLink (Online service)
7730 . ‡tSpringer eBooks
77608. ‡iPrinted edition: ‡z9783642125430
85640. ‡uhttp://biblioteca.ipicyt.edu.mx:2048/login?url=http://dx.doi.org/10.1007/978-3-642-12544-7 ‡yTexto completo ‡9CONS
950 . ‡aComputer Science (Springer-11645)
901 . ‡a39367 ‡b ‡c39367 ‡tbiblio ‡sSystem Local

Additional Resources